| 000 | 00858nam a22002775i 4500 | ||
|---|---|---|---|
| 001 | 10988 | ||
| 003 | ES-MaACL | ||
| 005 | 20230906150014.0 | ||
| 007 | t| | ||
| 008 | 930402s1993 sp ||||0| spa j | ||
| 020 | _a84-7658-385-0 | ||
| 040 |
_aM-BN _bspa _cM-BN |
||
| 080 | _a800.1 | ||
| 100 | 1 |
_aEscandell Vidal, M. Victoria. _947501 |
|
| 245 | 1 | 0 |
_aIntroducción a la pragmática / _cM. Victoria Escandell Vidal. |
| 250 | _a[1ª ed.]. | ||
| 260 |
_aBarcelona : _bAnthropos ; _aMadrid : _bUNED, _c1993. |
||
| 300 |
_a297 p ; _c20 cm. |
||
| 490 | 1 |
_aAutores, textos y temas. Lingüística ; _v5 |
|
| 500 | _aIndices. | ||
| 504 | _aBibliografía: p. 275-285. | ||
| 650 | 4 |
_aPragmática lingüística. _916335 |
|
| 830 | 0 |
_aAutores, textos y temas. Lingüística ; _v5 _9177940 |
|
| 852 |
_aES-MaACL _jL-18340 _bR.121266 |
||
| 999 |
_c10988 _d10988 |
||